000 00930cam a22002171 4500
001 af 47000048
003 DLC
005 20260227110800.0
008 890410s1942 gw 000 0 ger c
010 _aaf 47000048
035 _a(OCoLC)19528395
040 _aWisconsin. Univ. Libr.
_cCU
_dDLC
042 _apremarc
050 0 0 _aPT2639.T315
_bI5
082 _a833.91
100 1 _aSteguweit, Heinz,
_d1897-1964.
245 1 0 _aIns volle menschenleben,
_bneue erzählungen.
260 _aHamburg,
_bHanseatische verlagsanstalt
_c[1942]
300 _a92 p., 1 l.
505 0 _aIch hab die nacht geträumet.--Ein buckel voll glück.--Der apfel.--Das ewig weibliche.--Wohltun trägt zinsen.--Späte hochzeitreise.--Heimweh nach Bianka.--Im spinngewebe.--Die stare bauen.--Eines schäfers hund.--Nachbars Regine.--Rund um den karpfenteich.--Schwester Viola.--Ein schirm voller sterne.--Der gang zur witwe.--Tausend jahre sind ein tag.
999 _c619
_d619